000
00287nam a2200097Ia 4500
008
230907s9999||||xx |||||||||||||| ||und||
082
_a
333.79,INT
245
0
_a
International congress on energy efficiency and energy related materials (ENEFM2013).
300
_a
xxvi, 782p.:
942
_c
BK
999
_c
597493
_d
597493